000 00385pab a2200157 454500
008 180718b2003 xxu||||| |||| 00| 0 eng d
100 _aWlezien, Christopher
245 _aMeasures and models of budgetary policy
260 _c2003
300 _ap.273-86.
362 _aMay
650 _aBudget
700 _aSoroka, Stuart N.
773 _aPolicy Studies Journal
909 _a56751
999 _c56751
_d56751